000 00703 a2200217 4500
999 _c2333
_d2333
020 _a1841134058
050 0 0 _aHQ1061 AGE 2003
100 _aFredman, Sandra
_eeditor
245 0 0 _aAge as an equality issue /
_cedited by Sandra Fredman and Sarah Spencer.
264 _aOxford
_bHart publishing
_c2003
300 _aix, 223 p. ;
500 _aIncludes index.
504 _aIncludes bibliographical references and index.
650 0 _aAgeism.
650 0 _aAge discrimination.
650 0 _aAge discrimination
_xLaw and legislation.
700 1 _aFredman, Sandra.
700 1 _aSpencer, Sarah.
942 _2lcc
_cBK
_h1061
_iAGE
_kHQ